En la Alcatifa de los vientos (Record no. 62123)

MARC details
000 -LEADER
campo de control de longitud fija 00606nam a2200181 i 4500
001 - NÚMERO DE CONTROL
campo de control 62123
003 - IDENTIFICADOR DE NÚMERO DE CONTROL
campo de control ES-MaACL
005 - FECHA Y HORA DE LA ÚLTIMA TRANSACCIÓN
campo de control 20230906164618.0
007 - CAMPO FIJO DE DESCRIPCIÓN FÍSICA--INFORMACIÓN GENERAL
campo de control de longitud fija t|
008 - DATOS DE LONGITUD FIJA--INFORMACIÓN GENERAL
campo de control de longitud fija 031118q1930 sp ||||1| spa d
100 1# - ENTRADA PRINCIPAL--NOMBRE DE PERSONA
Nombre de persona Fauzi, Maluf.
9 (RLIN) 48988
245 10 - MENCIÓN DEL TÍTULO
Título En la Alcatifa de los vientos
Resto del título : poema árabe /
Mención de responsabilidad, etc. por Maluf Fauzi ; versión española de Francisco Villaespesa ; [ilustraciones de Ally Ignatovich].
260 ## - PUBLICACIÓN, DISTRIBUCIÓN, ETC.
Lugar de publicación, distribución, etc. [S.l. :
Nombre del editor, distribuidor, etc. s.n.,
Fecha de publicación, distribución, etc. 1930]
300 ## - DESCRIPCIÓN FÍSICA
Extensión 150 p. :
Otras características físicas retr. aut. ;
Dimensiones 23 cm.
700 1# - ENTRADA AGREGADA--NOMBRE PERSONAL
Nombre de persona Villaespesa, Francisco.
9 (RLIN) 114917
700 1# - ENTRADA AGREGADA--NOMBRE PERSONAL
Nombre de persona Ignatovich, Ally.
9 (RLIN) 65149
852 ## - LOCALIZACIÓN
Ubicación ES-MaACL
Número de control de estantería A-4618
Holdings
Estatus retirado Estado de pérdida Estado de daño No para préstamo Biblioteca de origen Biblioteca actual Ubicación en estantería Fecha de adquisición Fuente de adquisición Total de préstamos Signatura topográfica completa Código de barras Visto por última vez Precio de reemplazo Tipo de ítem Koha
        Biblioteca del Ateneo de Madrid Biblioteca del Ateneo de Madrid Sala Pecera Planta 1 17/01/2008     A-4618 1065129 23/02/2023 23/02/2023 Libro impreso